Представление документа в формате MARC21

Поле Инд. ПП Название Значение
Тип записи a
Библиографический уровень m
001 Контрольный номер RU/IS/BASE/102085077
005 Дата корректировки 20250602153556.9
008 Кодируемые данные 19950930
040 00 e Правила каталог. Мира 950930
084 a Индекс другой классификации/Индекс ББК 26.3я43; 26.309я43; 26.354я43
090 00 a Полочн. индекс 26.3я43
x Авторский знак П 781
097 00 a 230
245 00 a Заглавие Проблемы геологии и полезных ископаемых на XXVIII сессии Международного геологического конгресса
c Ответственность ответственный редактор Б. С. Соколов
260 00 a Место издания Москва
b Издательство Наука
c Дата издания 1991
300 00 a Объем 214 с.
336 a Термин вида содержания Текст
337 a Термин типа средства непосредственный
504 00 a Библиография Прил.: с. 188
505 0_ a Форматированное содержание Проблемы стратиграфии и палеонтологии
b Автор Жаймонда А. И.
b Автор Розанов А. Ю.
b Автор Семихатов А. Н.
b Автор Сергеев В. Н.
b Автор Федонкин М. А.
b Автор Шишкин М. А.
505 0_ a Форматированное содержание Проблемы четвертичной геологии и геоморфологии
b Автор Яншин А. Л.
b Автор Алексеев М. Н.
b Автор Раукас А. В.
505 0_ a Форматированное содержание Тектоника
b Автор Хаин В. Е.
505 0_ a Форматированное содержание Вопросы геофизики
b Автор Белоусов В. В.
505 0_ a Форматированное содержание Проблемы геологии и минерагении Мирового океана
b Автор Грамберг И. С.
b Автор Лисицын А. П.
505 0_ a Форматированное содержание Проблемы петрологии
b Автор Жариков В. А.
b Автор Добрецов Н. Л.
b Автор Маркушев А. А.
505 0_ a Форматированное содержание Кристаллическая кора в пространстве и времени (магматизм)
b Автор Богатиков О. А.
b Автор Путхель И. С.
b Автор Капежинскас П. К.
505 0_ a Форматированное содержание Минералогия
b Автор Марфунин А. С.
b Автор Юшкин Н. П.
b Автор Соболев Н. В.
505 0_ a Форматированное содержание Прогресс в области сравнительной планетологии
b Автор Базилевский А. Т.
b Автор Барсуков В. Л.
505 0_ a Форматированное содержание Достижения геохимии
b Автор Барсуков В. Л.
b Автор Когарко Л. Н.
505 0_ a Форматированное содержание Проблемы тихоокеанской геологии
b Автор Борукаев Ч. Б.
b Автор Сидоров А. А.
b Автор Шило А. А.
505 0_ a Форматированное содержание История геологических наук
b Автор Милановский Е. Е.
505 0_ a Форматированное содержание Проблемы полезных ископаемых
b Автор Шило Н. А.
505 0_ a Форматированное содержание Геология и генезис рудных месторождений
b Автор Казанский В. И.
b Автор Кривцов А. И.
505 0_ a Форматированное содержание Проблемы металлогении
b Автор Рундквист Д. В.
505 0_ a Форматированное содержание Международный союз геологических наук
b Автор Волков Р. И.
505 0_ a Форматированное содержание Международная программа "Литосфера"
b Автор Беус А. А.
505 0_ a Форматированное содержание Комиссия по геологической карте мира
b Автор Жаймонда А. И.
b Автор Хаин В. Е.
b Автор Леонов Ю. Г.
b Автор Руиндквист Д. В.
b Автор Дагелайский В. Б.
505 0_ a Форматированное содержание Международная программа геологической корреляции
b Автор Жариков В. А.
b Автор Рябчиков И. Д.
505 0_ a Форматированное содержание Выставка "Геоэкспо-89"
b Автор Богданов Н. А.
b Автор Жамойда А. И.
b Автор Межеловский Н. В.
b Автор Натапов Л. М.
b Автор Заборский Ю. В.
b Автор Федонкин М. А.
b Автор Аржатский Ф. П.
b Автор Бурба Г. А.
b Автор Торчагина Л. А.
650 04 a Основная рубрика геология
a Основная рубрика науки о Земле
653 00 a Ключевые слова генезис
a Ключевые слова геологические организации
a Ключевые слова геоморфология
a Ключевые слова геофизика
a Ключевые слова геохимия
a Ключевые слова историческая геология
a Ключевые слова история геологии
a Ключевые слова магматизм
a Ключевые слова международные геологические организации
a Ключевые слова металлические полезные ископаемые
a Ключевые слова металлогения
a Ключевые слова минерагения
a Ключевые слова минералогия
a Ключевые слова Мировой океан
a Ключевые слова морская геология
a Ключевые слова палеонтология
a Ключевые слова петрология (петрография)
a Ключевые слова планетология
a Ключевые слова полезные ископаемые
a Ключевые слова рудные месторождения
a Ключевые слова стратиграфия
a Ключевые слова тектоника
a Ключевые слова Тихий океан
700 10 a Автор Соколов Б. С.
e Роль лиц редактор
901 t Тип документа m
952 a Тип литературы для КСУ ВШ НАУ